[Event "España tch DH-2 2009"]
[Site "Lugo"]
[Date "2009.09.21"]
[Round "2.25"]
[White "Fernandez Romero, Ernesto"]
[Black "Fluvia Poyatos, Joan"]
[Result "1/2-1/2"]
[WhiteElo "2457"]
[BlackElo "2478"]
[PlyCount "87"]
[EventDate "2009.09.20"]
[EventType "team"]
[EventRounds "5"]
[EventCountry "ESP"]
[Source "lmi"]
[SourceDate "2009.09.20"]
[WhiteTeam "Merida Patrimonio-Ajoblanco"]
[BlackTeam "U.G.A."]
[WhiteTeamCountry "ESP"]
[BlackTeamCountry "ESP"]

1. e4 c5 2. Nc3 d6 3. d4 cxd4 4. Qxd4 Nc6 5. Bb5 Bd7 6. Bxc6 Bxc6 7. Nf3 Nf6 8.
Bg5 e6 9. O-O-O Be7 10. Rhe1 O-O 11. Qd2 h6 12. Bf4 e5 13. Bg3 b5 14. Bh4 Nxe4
15. Nxe4 Bxh4 16. Qxd6 Bxe4 17. Rxe4 Bg5+ 18. Kb1 Qxd6 19. Rxd6 f5 20. Re1 e4
21. Nxg5 hxg5 22. c3 Rae8 23. Kc2 Re5 24. Ra6 f4 25. Rd6 Rfe8 26. Kd2 Kf7 27.
Ke2 Rh8 28. h3 f3+ 29. gxf3 exf3+ 30. Kd2 Rxe1 31. Kxe1 Rxh3 32. Kd2 g4 33. Ke3
g5 34. Rd4 Rh4 35. Rd5 Kf6 36. Rd4 Ke5 37. b3 a6 38. a4 g3 39. Rxh4 gxh4 40.
fxg3 bxa4 41. bxa4 hxg3 42. Kxf3 Kd5 43. Kxg3 Kc4 44. Kf2 1/2-1/2

[Event "España tch DH-2 2009"]
[Site "Lugo"]
[Date "2009.09.21"]
[Round "2.26"]
[White "Vila Gazquez, Javier"]
[Black "Escobar Felix, Eduardo"]
[Result "1-0"]
[WhiteElo "2443"]
[BlackElo "2156"]
[PlyCount "49"]
[EventDate "2009.09.20"]
[EventType "team"]
[EventRounds "5"]
[EventCountry "ESP"]
[Source "lmi"]
[SourceDate "2009.09.20"]
[WhiteTeam "U.G.A."]
[BlackTeam "Merida Patrimonio-Ajoblanco"]
[WhiteTeamCountry "ESP"]
[BlackTeamCountry "ESP"]

1. e4 c5 2. Nf3 d6 3. d4 cxd4 4. Nxd4 Nf6 5. Nc3 g6 6. Be3 Bg7 7. f3 O-O 8. Qd2
Nc6 9. g4 Nxd4 10. Bxd4 Be6 11. O-O-O Qa5 12. a3 Rfd8 13. h4 d5 14. e5 Nd7 15.
h5 b5 16. hxg6 hxg6 17. Bxb5 Rab8 18. Bxd7 Rxd7 19. Ne2 Qa4 20. Nf4 Rdb7 21.
Qe3 Rc8 22. Rd2 Rb3 23. Nd3 Rc4 24. c3 Rbb4 25. Rdh2 1-0

[Event "España tch DH-2 2009"]
[Site "Lugo"]
[Date "2009.09.21"]
[Round "2.32"]
[White "Vallejo Pons, Francisco"]
[Black "Perez Garcia, Rodney"]
[Result "1-0"]
[WhiteElo "2696"]
[BlackElo "2426"]
[PlyCount "93"]
[EventDate "2009.09.20"]
[EventType "team"]
[EventRounds "5"]
[EventCountry "ESP"]
[Source "lmi"]
[SourceDate "2009.09.20"]
[WhiteTeam "Escuela I. Kasparov-Marcote"]
[BlackTeam "Universidad de Oviedo"]
[WhiteTeamCountry "ESP"]
[BlackTeamCountry "ESP"]

1. e4 e5 2. Nf3 Nf6 3. d4 Nxe4 4. dxe5 d5 5. Nbd2 Nxd2 6. Bxd2 Be7 7. Bd3 c5 8.
O-O Nc6 9. c3 Bg4 10. Re1 Qd7 11. h3 Bf5 12. Qc2 Bxd3 13. Qxd3 O-O 14. Rad1 Qe6
15. a3 a6 16. Be3 Rad8 17. b4 cxb4 18. axb4 Rd7 19. Bd4 Re8 20. Re3 Bd8 21.
Rde1 h6 22. Kh2 Bc7 23. g3 Bd8 24. Kg2 Be7 25. R3e2 Bd8 26. Bc5 Be7 27. Nd4
Nxd4 28. Bxd4 Bf8 29. f4 Qc6 30. f5 Qc4 31. Qd2 Qc6 32. Qf4 b6 33. Qg4 a5 34.
e6 fxe6 35. b5 Qxb5 36. fxe6 Rde7 37. Bf6 Qc6 38. Bxe7 Bxe7 39. Kh2 Rf8 40. Qd4
Bf6 41. Qd3 Be7 42. Rd1 Rf6 43. Qxd5 Qxc3 44. Qb5 Qf3 45. Rdd2 Rg6 46. Qe5 a4
47. Qf4 1-0

[Event "España tch DH-2 2009"]
[Site "Lugo"]
[Date "2009.09.21"]
[Round "2.33"]
[White "Gonzalez Menendez, Ivan"]
[Black "Milov, Vadim"]
[Result "0-1"]
[WhiteElo "2430"]
[BlackElo "2659"]
[PlyCount "76"]
[EventDate "2009.09.20"]
[EventType "team"]
[EventRounds "5"]
[EventCountry "ESP"]
[Source "lmi"]
[SourceDate "2009.09.20"]
[WhiteTeam "Universidad de Oviedo"]
[BlackTeam "Escuela I. Kasparov-Marcote"]
[WhiteTeamCountry "ESP"]
[BlackTeamCountry "ESP"]

1. e4 c5 2. Nf3 e6 3. d4 cxd4 4. Nxd4 a6 5. Bd3 Bc5 6. Nb3 Be7 7. O-O d6 8. Be3
Nd7 9. f4 Ngf6 10. Qf3 Qc7 11. a4 b6 12. Nc3 Bb7 13. Kh1 O-O 14. Qh3 Rfe8 15.
Rae1 Bf8 16. e5 dxe5 17. fxe5 Qxe5 18. Bxb6 Qh5 19. Qxh5 Nxh5 20. Be3 Bb4 21.
Bd2 Nhf6 22. Ne4 Bxe4 23. Bxe4 Rab8 24. Bxb4 Rxb4 25. Bd3 Rc8 26. a5 Rc6 27. g3
e5 28. Bf5 g6 29. Bxd7 Nxd7 30. Rf2 Rb5 31. g4 Nf8 32. Ref1 Rc7 33. Rd1 Ne6 34.
Rd6 e4 35. Re2 Rb4 36. Nd2 Rxc2 37. Rxe4 Rbxb2 38. Nf3 Ng5 0-1

[Event "España tch DH-2 2009"]
[Site "Lugo"]
[Date "2009.09.21"]
[Round "2.34"]
[White "Graf, Alexander"]
[Black "Andres Gonzalez, Ivan"]
[Result "1-0"]
[WhiteElo "2596"]
[BlackElo "2361"]
[PlyCount "67"]
[EventDate "2009.09.20"]
[EventType "team"]
[EventRounds "5"]
[EventCountry "ESP"]
[Source "lmi"]
[SourceDate "2009.09.20"]
[WhiteTeam "Escuela I. Kasparov-Marcote"]
[BlackTeam "Universidad de Oviedo"]
[WhiteTeamCountry "ESP"]
[BlackTeamCountry "ESP"]

1. d4 Nf6 2. c4 g6 3. Nc3 Bg7 4. e4 d6 5. Nf3 O-O 6. Be2 Bg4 7. Be3 Nfd7 8. Qd2
c5 9. d5 Na6 10. Bh6 Nc7 11. h4 Bxf3 12. Bxf3 Re8 13. Bxg7 Kxg7 14. h5 e5 15.
O-O-O Rh8 16. Rh3 Qe7 17. Rdh1 a6 18. Nd1 Rag8 19. Ne3 Kf8 20. Bg4 Ke8 21.
Bxd7+ Kxd7 22. Ng4 f5 23. Nh6 Rf8 24. Kc2 f4 25. hxg6 hxg6 26. Qe2 Qf6 27. Qg4+
Ke7 28. Rh4 b5 29. b3 Rb8 30. Qh3 Rhf8 31. Ng4 Qg5 32. Rh7+ Rf7 33. Rxf7+ Kxf7
34. Qh7+ 1-0

[Event "España tch DH-2 2009"]
[Site "Lugo"]
[Date "2009.09.21"]
[Round "2.35"]
[White "Recuero Guerra, Javier"]
[Black "Salgado Lopez, Ivan"]
[Result "0-1"]
[WhiteElo "2326"]
[BlackElo "2555"]
[PlyCount "100"]
[EventDate "2009.09.20"]
[EventType "team"]
[EventRounds "5"]
[EventCountry "ESP"]
[Source "lmi"]
[SourceDate "2009.09.20"]
[WhiteTeam "Universidad de Oviedo"]
[BlackTeam "Escuela I. Kasparov-Marcote"]
[WhiteTeamCountry "ESP"]
[BlackTeamCountry "ESP"]

1. Nf3 Nf6 2. d4 g6 3. Bf4 b6 4. h3 Bb7 5. e3 Bg7 6. Be2 O-O 7. O-O d6 8. Nbd2
Nbd7 9. Bh2 e6 10. a4 a6 11. a5 b5 12. c4 bxc4 13. Nxc4 Qe7 14. Qa4 Rfc8 15.
Rfd1 Rab8 16. Qa3 Qd8 17. Rac1 Bf8 18. Qc3 Nd5 19. Qe1 N7f6 20. Ncd2 Bh6 21.
Qf1 Nb4 22. Rc4 Bd5 23. Rcc1 Qd7 24. Bxa6 Nxa6 25. Qxa6 Rb5 26. Qa7 Ne8 27. Nc4
Ra8 28. Nb6 Rxa7 29. Nxd7 Raxa5 30. Bg3 Ra8 31. Bh4 Bxf3 32. gxf3 Bg5 33. Bg3
Rd8 34. Ne5 dxe5 35. Bxe5 Rxb2 36. d5 Rb5 37. f4 Rbxd5 38. Rxd5 Rxd5 39. Bxc7
Bf6 40. Kg2 Nxc7 41. Rxc7 Rd2 42. Kg3 Kg7 43. Rb7 Bd8 44. Ra7 Rb2 45. Rd7 Ba5
46. Rd1 h6 47. Ra1 Bb4 48. Kf3 g5 49. Rf1 Kg6 50. Rg1 Kf5 0-1

[Event "España tch DH-2 2009"]
[Site "Lugo"]
[Date "2009.09.21"]
[Round "2.36"]
[White "Paunovic, Dragan"]
[Black "Roiz Baztan, David"]
[Result "1-0"]
[WhiteElo "2556"]
[BlackElo "2265"]
[PlyCount "133"]
[EventDate "2009.09.20"]
[EventType "team"]
[EventRounds "5"]
[EventCountry "ESP"]
[Source "lmi"]
[SourceDate "2009.09.20"]
[WhiteTeam "Escuela I. Kasparov-Marcote"]
[BlackTeam "Universidad de Oviedo"]
[WhiteTeamCountry "ESP"]
[BlackTeamCountry "ESP"]

1. Nf3 Nf6 2. g3 g6 3. Bg2 Bg7 4. O-O O-O 5. c4 d6 6. d4 Nbd7 7. Qc2 e5 8. Rd1
Qe7 9. Nc3 c6 10. e4 exd4 11. Nxd4 Re8 12. f3 Nc5 13. Be3 a5 14. Bf2 h5 15. h3
Bd7 16. Re1 Rad8 17. Nb3 b6 18. Rad1 Bc8 19. Nd4 Qc7 20. a3 Nfd7 21. f4 Bb7 22.
b4 axb4 23. axb4 Ne6 24. Nde2 Bh6 25. Qd3 h4 26. Qf3 hxg3 27. Qxg3 d5 28. cxd5
cxd5 29. f5 Qxg3 30. Nxg3 Nf4 31. Nxd5 Bxd5 32. exd5 Rxe1+ 33. Rxe1 Nd3 34. Rd1
Nxf2 35. Kxf2 Bf8 36. Rd4 Nf6 37. fxg6 fxg6 38. Ne4 Nxe4+ 39. Bxe4 Kg7 40. Rc4
Kf6 41. Rc6+ Rd6 42. Rc8 Ke5 43. Ke3 Rf6 44. b5 Bc5+ 45. Kd3 g5 46. Rg8 Kf4 47.
Bg6 Ke5 48. Bh5 Kxd5 49. Rxg5+ Kd6 50. Bg4 Bf2 51. Ke4 Bg3 52. Rd5+ Ke7 53.
Rd7+ Kf8 54. Bf5 Rf7 55. Rd3 Bf2 56. Be6 Rf6 57. Ke5 Kg7 58. Rd8 Bg3+ 59. Kd5
Bf2 60. Rg8+ Kh7 61. Rg2 Bc5 62. Ke5 Rf2 63. Rg4 Kh6 64. Bf5 Re2+ 65. Kf6 Be7+
66. Kf7 Bg5 67. h4 1-0

[Event "España tch DH-2 2009"]
[Site "Lugo"]
[Date "2009.09.22"]
[Round "3.11"]
[White "Gashimov, Vugar"]
[Black "Gelfand, Boris"]
[Result "1-0"]
[WhiteElo "2740"]
[BlackElo "2756"]
[PlyCount "31"]
[EventDate "2009.09.20"]
[EventType "team"]
[EventRounds "5"]
[EventCountry "ESP"]
[Source "lmi"]
[SourceDate "2009.09.20"]
[WhiteTeam "Escuela I. Kasparov-Marcote"]
[BlackTeam "Kutxa-Gros"]
[WhiteTeamCountry "ESP"]
[BlackTeamCountry "ESP"]

1. e4 e5 2. Nf3 Nf6 3. d4 Nxe4 4. dxe5 d5 5. Nbd2 Nc5 6. Nb3 Ne6 7. Nbd4 Nxd4
8. Nxd4 Be7 9. Bd3 c5 10. Nf5 O-O 11. Nxg7 Kxg7 12. Qh5 Rh8 13. Bh6+ Kg8 14. e6
fxe6 15. Qg4+ Kf7 16. Qg7+ 1-0

[Event "España tch DH-2 2009"]
[Site "Lugo"]
[Date "2009.09.22"]
[Round "3.12"]
[White "Kasimdzhanov, Rustam"]
[Black "Vallejo Pons, Francisco"]
[Result "1/2-1/2"]
[WhiteElo "2702"]
[BlackElo "2696"]
[PlyCount "35"]
[EventDate "2009.09.20"]
[EventType "team"]
[EventRounds "5"]
[EventCountry "ESP"]
[Source "lmi"]
[SourceDate "2009.09.20"]
[WhiteTeam "Kutxa-Gros"]
[BlackTeam "Escuela I. Kasparov-Marcote"]
[WhiteTeamCountry "ESP"]
[BlackTeamCountry "ESP"]

1. Nf3 d5 2. d4 Nf6 3. c4 c6 4. e3 Bf5 5. Nc3 e6 6. Nh4 Bg6 7. Be2 Nbd7 8. O-O
Bd6 9. g3 O-O 10. Nxg6 hxg6 11. b3 Qe7 12. Rb1 a6 13. Bb2 Rfd8 14. Bf3 Ne8 15.
Qe2 f5 16. Bg2 Nef6 17. f3 Re8 18. f4 1/2-1/2

[Event "España tch DH-2 2009"]
[Site "Lugo"]
[Date "2009.09.22"]
[Round "3.13"]
[White "Milov, Vadim"]
[Black "Van Wely, Loek"]
[Result "0-1"]
[WhiteElo "2659"]
[BlackElo "2650"]
[PlyCount "72"]
[EventDate "2009.09.20"]
[EventType "team"]
[EventRounds "5"]
[EventCountry "ESP"]
[Source "lmi"]
[SourceDate "2009.09.20"]
[WhiteTeam "Escuela I. Kasparov-Marcote"]
[BlackTeam "Kutxa-Gros"]
[WhiteTeamCountry "ESP"]
[BlackTeamCountry "ESP"]

1. c4 c5 2. Nf3 Nf6 3. Nc3 e6 4. g3 b6 5. e4 Bb7 6. d3 d6 7. Bg2 g6 8. O-O Bg7
9. Rb1 O-O 10. Nh4 Nc6 11. f4 a6 12. Be3 Rb8 13. h3 b5 14. Kh2 Nd4 15. Qd2 Qa5
16. b3 Nd7 17. Rbc1 f5 18. exf5 Bxg2 19. Qxg2 gxf5 20. g4 Qd8 21. Qg3 Kh8 22.
gxf5 exf5 23. Nf3 Nxf3+ 24. Qxf3 Qa5 25. Bd2 b4 26. Na4 Qc7 27. Rg1 Rbe8 28.
Rxg7 Kxg7 29. Rg1+ Kh8 30. Bc1 Nf6 31. Bb2 Re6 32. Qg2 Qf7 33. Qf3 Rg8 34. Rg5
h6 35. Rxg8+ Kxg8 36. Nb6 Qh5 0-1

[Event "España tch DH-2 2009"]
[Site "Lugo"]
[Date "2009.09.22"]
[Round "3.14"]
[White "Bauer, Christian"]
[Black "Graf, Alexander"]
[Result "1/2-1/2"]
[WhiteElo "2590"]
[BlackElo "2596"]
[PlyCount "28"]
[EventDate "2009.09.20"]
[EventType "team"]
[EventRounds "5"]
[EventCountry "ESP"]
[Source "lmi"]
[SourceDate "2009.09.20"]
[WhiteTeam "Kutxa-Gros"]
[BlackTeam "Escuela I. Kasparov-Marcote"]
[WhiteTeamCountry "ESP"]
[BlackTeamCountry "ESP"]

1. e4 e5 2. Nf3 Nc6 3. Bc4 Nf6 4. d3 h6 5. O-O d6 6. c3 g6 7. Re1 Bg7 8. Nbd2
O-O 9. Nf1 Na5 10. Bb5 Bd7 11. Bxd7 Qxd7 12. d4 exd4 13. cxd4 Rfe8 14. Ng3 c5
1/2-1/2

[Event "España tch DH-2 2009"]
[Site "Lugo"]
[Date "2009.09.22"]
[Round "3.15"]
[White "Salgado Lopez, Ivan"]
[Black "San Segundo Carrillo, Pablo"]
[Result "1-0"]
[WhiteElo "2555"]
[BlackElo "2565"]
[PlyCount "105"]
[EventDate "2009.09.20"]
[EventType "team"]
[EventRounds "5"]
[EventCountry "ESP"]
[Source "lmi"]
[SourceDate "2009.09.20"]
[WhiteTeam "Escuela I. Kasparov-Marcote"]
[BlackTeam "Kutxa-Gros"]
[WhiteTeamCountry "ESP"]
[BlackTeamCountry "ESP"]

1. e4 c5 2. Nf3 Nc6 3. d4 cxd4 4. Nxd4 Nf6 5. Nc3 e5 6. Ndb5 d6 7. Bg5 a6 8.
Na3 b5 9. Bxf6 gxf6 10. Nd5 f5 11. Bd3 Be6 12. O-O Bxd5 13. exd5 Ne7 14. c3 Bg7
15. Nc2 O-O 16. a4 bxa4 17. Rxa4 a5 18. Qd2 Rc8 19. Ne3 e4 20. Bc2 Rc5 21. g4
Qb8 22. Rb1 Rb5 23. gxf5 Rxb2 24. Rxb2 Qxb2 25. Rxe4 Bxc3 26. Qd3 Be5 27. f4
Bf6 28. Rxe7 Rc8 29. Re4 Qc1+ 30. Qf1 Rxc2 31. Nxc2 Qxc2 32. Qg2+ Qxg2+ 33.
Kxg2 Kg7 34. Kf3 Bc3 35. Rc4 Bb4 36. Rc6 Kf6 37. Ke4 Ba3 38. Rc7 Bb4 39. h3 Be1
40. Ra7 Bd2 41. Rd7 Bb4 42. Kd3 a4 43. Kc4 Bc5 44. Rc7 a3 45. Kb3 Be3 46. Kxa3
Bxf4 47. Kb3 h5 48. Kc4 Kxf5 49. Rxf7+ Kg5 50. Kd3 Bg3 51. Ke4 Kh4 52. Rf5 Bh2
53. Kd3 1-0

[Event "España tch DH-2 2009"]
[Site "Lugo"]
[Date "2009.09.22"]
[Round "3.16"]
[White "Cifuentes Parada, Roberto"]
[Black "Paunovic, Dragan"]
[Result "0-1"]
[WhiteElo "2532"]
[BlackElo "2556"]
[PlyCount "110"]
[EventDate "2009.09.20"]
[EventType "team"]
[EventRounds "5"]
[EventCountry "ESP"]
[Source "lmi"]
[SourceDate "2009.09.20"]
[WhiteTeam "Kutxa-Gros"]
[BlackTeam "Escuela I. Kasparov-Marcote"]
[WhiteTeamCountry "ESP"]
[BlackTeamCountry "ESP"]

1. d4 d6 2. e4 Nf6 3. Nc3 g6 4. Nf3 Bg7 5. Be2 O-O 6. O-O c6 7. a4 a5 8. Be3
Na6 9. Nd2 Nb4 10. Ncb1 d5 11. c3 Na6 12. e5 Ne8 13. f4 f6 14. Nf3 Bf5 15. Nbd2
Qb6 16. Ra2 Nec7 17. h3 Be4 18. g4 Kh8 19. Kh2 Ne6 20. Nxe4 dxe4 21. exf6 exf6
22. Nd2 f5 23. g5 Qd8 24. Qb3 Nac7 25. Qxb7 Qd7 26. d5 cxd5 27. Bb5 Qf7 28.
Rfa1 Rad8 29. Ra3 d4 30. cxd4 Bxd4 31. Bxd4+ Rxd4 32. Nb3 Rb4 33. Rc1 Nxb5 34.
Qxf7 Rxf7 35. axb5 Rxb5 36. Rc8+ Kg7 37. Kg3 a4 38. Rc6 Nxf4 39. Nc5 Rxc5 40.
Rxc5 Ne6 41. Re5 Nxg5 42. Kf4 Nf3 43. Rb5 Nd4 44. Rb6 Re7 45. Re3 Ne6+ 46. Ke5
f4 47. Re1 f3 48. Kd6 Rf7 49. Kd5 Ng5 50. Kd4 Nxh3 51. Rb4 Nf4 52. Rf1 Re7 53.
Rxa4 e3 54. Raa1 f2 55. b4 Ne2+ 0-1

[Event "España tch DH-2 2009"]
[Site "Lugo"]
[Date "2009.09.22"]
[Round "3.21"]
[White "Illescas Cordoba, Miguel"]
[Black "Recuero Guerra, David"]
[Result "1-0"]
[WhiteElo "2591"]
[BlackElo "2492"]
[PlyCount "75"]
[EventDate "2009.09.20"]
[EventType "team"]
[EventRounds "5"]
[EventCountry "ESP"]
[Source "lmi"]
[SourceDate "2009.09.20"]
[WhiteTeam "U.G.A."]
[BlackTeam "Universidad de Oviedo"]
[WhiteTeamCountry "ESP"]
[BlackTeamCountry "ESP"]

1. d4 Nf6 2. c4 e6 3. Nf3 Bb4+ 4. Bd2 Qe7 5. g3 Nc6 6. Nc3 d6 7. Qc2 O-O 8. a3
Bxc3 9. Bxc3 e5 10. d5 Nb8 11. Bg2 a5 12. b3 Nbd7 13. Nd2 a4 14. b4 Ne8 15. e4
b5 16. O-O Nb6 17. c5 Nd7 18. Rac1 dxc5 19. bxc5 c6 20. Bb4 Bb7 21. Rfd1 Nef6
22. Nf1 Rfc8 23. Ne3 g6 24. Bh3 Rd8 25. f3 Nb8 26. Qb2 Qe8 27. Bc3 Nfd7 28.
dxc6 Bxc6 29. Ng4 Qe7 30. Bxe5 h5 31. Bd6 Qe8 32. Nf6+ Nxf6 33. Qxf6 Kh7 34.
Be5 Rxd1+ 35. Rxd1 Qf8 36. Kg2 Be8 37. Rd8 Nd7 38. Bxd7 1-0

[Event "España tch DH-2 2009"]
[Site "Lugo"]
[Date "2009.09.22"]
[Round "3.22"]
[White "Perez Garcia, Rodney"]
[Black "Lopez Martinez, Josep Manuel"]
[Result "0-1"]
[WhiteElo "2426"]
[BlackElo "2570"]
[PlyCount "78"]
[EventDate "2009.09.20"]
[EventType "team"]
[EventRounds "5"]
[EventCountry "ESP"]
[Source "lmi"]
[SourceDate "2009.09.20"]
[WhiteTeam "Universidad de Oviedo"]
[BlackTeam "U.G.A."]
[WhiteTeamCountry "ESP"]
[BlackTeamCountry "ESP"]

1. e4 c5 2. Nf3 e6 3. c3 Nf6 4. e5 Nd5 5. d4 cxd4 6. Qxd4 d6 7. Nbd2 Nc6 8. Qe4
Qc7 9. exd6 Bxd6 10. Nc4 Be7 11. Bd3 b6 12. O-O Bb7 13. Re1 Rd8 14. Nce5 Nxe5
15. Nxe5 Bd6 16. Bb5+ Kf8 17. Qe2 f6 18. Nf3 e5 19. Nh4 Ne7 20. Qh5 g6 21. Bh6+
Kf7 22. Qe2 Rc8 23. Rad1 Rhd8 24. Ba4 Kg8 25. Qg4 Kh8 26. Bb3 Bc5 27. Qe6 Ng8
28. Bc1 Qg7 29. g3 Ba8 30. Qh3 Qb7 31. Qg2 Qe7 32. Qh3 Kg7 33. Qf1 Nh6 34.
Bxh6+ Kxh6 35. Qh3 Kg7 36. Qe6 Qb7 37. Kf1 g5 38. Nf5+ Kg6 39. Ne3 Qh1+ 0-1

[Event "España tch DH-2 2009"]
[Site "Lugo"]
[Date "2009.09.22"]
[Round "3.23"]
[White "Alsina Leal, Daniel"]
[Black "Gonzalez Menendez, Ivan"]
[Result "1/2-1/2"]
[WhiteElo "2544"]
[BlackElo "2430"]
[PlyCount "123"]
[EventDate "2009.09.20"]
[EventType "team"]
[EventRounds "5"]
[EventCountry "ESP"]
[Source "lmi"]
[SourceDate "2009.09.20"]
[WhiteTeam "U.G.A."]
[BlackTeam "Universidad de Oviedo"]
[WhiteTeamCountry "ESP"]
[BlackTeamCountry "ESP"]

1. e4 c5 2. Nf3 e6 3. d4 cxd4 4. Nxd4 Nf6 5. Nc3 Qc7 6. Be2 a6 7. O-O Nc6 8.
Be3 Bb4 9. Na4 Be7 10. Nxc6 bxc6 11. Nb6 Rb8 12. Nxc8 Qxc8 13. Bd4 c5 14. Be5
Rb6 15. Qd3 d6 16. Bc3 O-O 17. b3 d5 18. exd5 Nxd5 19. Be5 Bf6 20. Bxf6 Nxf6
21. Rad1 Qc7 22. Rd2 h6 23. Rfd1 a5 24. a4 Rb4 25. Qg3 Qxg3 26. hxg3 Ne4 27.
Rd7 Nc3 28. R1d2 Nxe2+ 29. Rxe2 c4 30. Re5 cxb3 31. cxb3 Ra8 32. Re3 Rab8 33.
Rf3 f6 34. Rc3 R4b7 35. Rxb7 Rxb7 36. Kf1 Kf7 37. Ke2 Ke7 38. Kd2 Kd6 39. Kc2
e5 40. Rc8 e4 41. Ra8 Rc7+ 42. Kd2 Rc5 43. Ke3 Ke5 44. Re8+ Kd5 45. Rd8+ Ke5
46. Rb8 f5 47. Re8+ Kd5 48. g4 fxg4 49. Rxe4 Rc3+ 50. Kf4 g5+ 51. Kf5 g3 52.
fxg3 Rxb3 53. Re5+ Kd4 54. g4 Rb2 55. Rxa5 Rf2+ 56. Kg6 Rxg2 57. Rb5 Kc4 58.
Kf5 Rf2+ 59. Kg6 Rg2 60. Kxh6 Rxg4 61. Rxg5 Rxg5 62. Kxg5 1/2-1/2

[Event "España tch DH-2 2009"]
[Site "Lugo"]
[Date "2009.09.22"]
[Round "3.24"]
[White "Andres Gonzalez, Ivan"]
[Black "Gonzalez Garcia, Jose"]
[Result "0-1"]
[WhiteElo "2361"]
[BlackElo "2509"]
[PlyCount "82"]
[EventDate "2009.09.20"]
[EventType "team"]
[EventRounds "5"]
[EventCountry "ESP"]
[Source "lmi"]
[SourceDate "2009.09.20"]
[WhiteTeam "Universidad de Oviedo"]
[BlackTeam "U.G.A."]
[WhiteTeamCountry "ESP"]
[BlackTeamCountry "ESP"]

1. e4 c5 2. Nf3 e6 3. d4 cxd4 4. Nxd4 Nf6 5. Nc3 Qc7 6. Be2 Nc6 7. O-O Be7 8.
Be3 O-O 9. Kh1 d6 10. f4 Nxd4 11. Bxd4 e5 12. Be3 b6 13. Qe1 Bb7 14. Bd3 a6 15.
a4 Bc6 16. Qe2 Qb7 17. fxe5 dxe5 18. Bg5 Kh8 19. Bc4 Nxe4 20. Nxe4 f6 21. Bd3
fxg5 22. Rxf8+ Rxf8 23. Bxa6 Qa8 24. Bd3 Rf4 25. Re1 Qxa4 26. b3 Qa8 27. Kg1
Qc8 28. c3 g4 29. Rf1 Qf8 30. b4 Rxf1+ 31. Qxf1 Qf4 32. Qe1 g6 33. Qf2 Qc1+ 34.
Qf1 Qe3+ 35. Nf2 e4 36. Bb5 Bxb5 37. Qxb5 Qc1+ 38. Qf1 Qxc3 39. Nxg4 h5 40. Nf2
Bxb4 41. Qe2 Bf8 0-1

[Event "España tch DH-2 2009"]
[Site "Lugo"]
[Date "2009.09.22"]
[Round "3.32"]
[White "Landa, Konstantin"]
[Black "Aleksandrov, Aleksej"]
[Result "1/2-1/2"]
[WhiteElo "2655"]
[BlackElo "2639"]
[PlyCount "68"]
[EventDate "2009.09.20"]
[EventType "team"]
[EventRounds "5"]
[EventCountry "ESP"]
[Source "lmi"]
[SourceDate "2009.09.20"]
[WhiteTeam "Merida Patrimonio-Ajoblanco"]
[BlackTeam "CajaCanarias"]
[WhiteTeamCountry "ESP"]
[BlackTeamCountry "ESP"]

1. d4 Nf6 2. c4 e6 3. g3 d5 4. Bg2 dxc4 5. Qa4+ Nbd7 6. Qxc4 c5 7. Nf3 a6 8.
Qc2 Qb6 9. dxc5 Qxc5 10. Nc3 Nd5 11. Bd2 b5 12. Rc1 Bb7 13. Nxd5 Qxc2 14. Rxc2
Bxd5 15. Nh4 Nb6 16. Bxd5 Nxd5 17. e4 Nf6 18. f3 Be7 19. Ke2 O-O 20. Ng2 Rfc8
21. Rhc1 Rxc2 22. Rxc2 Kf8 23. Ne1 Nd7 24. Nd3 Ke8 25. Ba5 Bd8 26. b4 Nb6 27.
Ne5 Nd7 28. Nd3 Nb6 29. Ne5 Nd7 30. Nc6 Bf6 31. Bc7 Rc8 32. Na7 Ra8 33. Nc6 Rc8
34. Na7 Ra8 1/2-1/2

[Event "España tch DH-2 2009"]
[Site "Lugo"]
[Date "2009.09.22"]
[Round "3.33"]
[White "Korneev, Oleg"]
[Black "Galkin, Alexander"]
[Result "1/2-1/2"]
[WhiteElo "2554"]
[BlackElo "2608"]
[PlyCount "46"]
[EventDate "2009.09.20"]
[EventType "team"]
[EventRounds "5"]
[EventCountry "ESP"]
[Source "lmi"]
[SourceDate "2009.09.20"]
[WhiteTeam "CajaCanarias"]
[BlackTeam "Merida Patrimonio-Ajoblanco"]
[WhiteTeamCountry "ESP"]
[BlackTeamCountry "ESP"]

1. e4 c6 2. d4 d5 3. e5 Bf5 4. h4 h5 5. Bg5 Qb6 6. Bd3 Bxd3 7. Qxd3 e6 8. Nd2
Qa6 9. c4 Bb4 10. b3 Ne7 11. Ngf3 Nf5 12. O-O O-O 13. Rfc1 Ba3 14. Rc2 c5 15.
Nb1 Nc6 16. Nxa3 Qxa3 17. Qd1 dxc4 18. dxc5 cxb3 19. Rc3 Qa5 20. Rxb3 Qxc5 21.
Rc1 Qa5 22. Rxb7 Rac8 23. Qd2 Qxd2 1/2-1/2

[Event "España tch DH-2 2009"]
[Site "Lugo"]
[Date "2009.09.22"]
[Round "3.34"]
[White "Safarli, Eltaj"]
[Black "Vera, Reynaldo"]
[Result "1/2-1/2"]
[WhiteElo "2587"]
[BlackElo "2491"]
[PlyCount "76"]
[EventDate "2009.09.20"]
[EventType "team"]
[EventRounds "5"]
[EventCountry "ESP"]
[Source "lmi"]
[SourceDate "2009.09.20"]
[WhiteTeam "Merida Patrimonio-Ajoblanco"]
[BlackTeam "CajaCanarias"]
[WhiteTeamCountry "ESP"]
[BlackTeamCountry "ESP"]

1. e4 c5 2. Nf3 d6 3. d4 cxd4 4. Nxd4 Nf6 5. Nc3 a6 6. Be3 e5 7. Nf3 Be7 8. Bc4
O-O 9. O-O Nc6 10. Bb3 Na5 11. Bg5 Be6 12. Bxf6 Bxf6 13. Nd5 Be7 14. Qd3 Re8
15. Rfd1 Bf8 16. Nd2 Rc8 17. Nc4 Nxc4 18. Bxc4 Kh8 19. a4 Rc6 20. a5 Qh4 21.
Bb3 Rec8 22. c3 Rc5 23. Ra3 Rb5 24. Qc2 Rcc5 25. Ba4 Rxa5 26. b4 Rxd5 27. exd5
Rxd5 28. Bb3 Rb5 29. Ra5 Rb6 30. Bd5 Qe7 31. Qe4 Qc7 32. Rc1 g6 33. Bxe6 fxe6
34. Qf3 Kg7 35. Re1 d5 36. h4 e4 37. Qh3 Qf7 38. Qe3 Rc6 1/2-1/2

[Event "España tch DH-2 2009"]
[Site "Lugo"]
[Date "2009.09.22"]
[Round "3.35"]
[White "Fernandez Garcia, Jose Luis"]
[Black "Fernandez Romero, Ernesto"]
[Result "1/2-1/2"]
[WhiteElo "2431"]
[BlackElo "2457"]
[PlyCount "27"]
[EventDate "2009.09.20"]
[EventType "team"]
[EventRounds "5"]
[EventCountry "ESP"]
[Source "lmi"]
[SourceDate "2009.09.20"]
[WhiteTeam "CajaCanarias"]
[BlackTeam "Merida Patrimonio-Ajoblanco"]
[WhiteTeamCountry "ESP"]
[BlackTeamCountry "ESP"]

1. e4 e6 2. d4 d5 3. Nc3 Bb4 4. e5 Ne7 5. Nf3 b6 6. h4 Qd7 7. h5 h6 8. Bd2 Bxc3
9. Bxc3 a5 10. Rh3 Ba6 11. Nh4 Bxf1 12. Kxf1 c5 13. Qg4 Rg8 14. Rf3 1/2-1/2

[Event "España tch DH-2 2009"]
[Site "Lugo"]
[Date "2009.09.23"]
[Round "4.12"]
[White "Landa, Konstantin"]
[Black "Kasimdzhanov, Rustam"]
[Result "1/2-1/2"]
[WhiteElo "2655"]
[BlackElo "2702"]
[PlyCount "46"]
[EventDate "2009.09.20"]
[EventType "team"]
[EventRounds "5"]
[EventCountry "ESP"]
[Source "lmi"]
[SourceDate "2009.09.20"]
[WhiteTeam "Merida Patrimonio-Ajoblanco"]
[BlackTeam "Kutxa-Gros"]
[WhiteTeamCountry "ESP"]
[BlackTeamCountry "ESP"]

1. e4 e5 2. Nf3 Nf6 3. d4 Nxe4 4. Bd3 d5 5. Nxe5 Nd7 6. Nxd7 Bxd7 7. O-O Bd6 8.
c4 O-O 9. cxd5 f5 10. Qf3 Qh4 11. g3 Ng5 12. Bxg5 Qxg5 13. Nc3 a6 14. Rfe1 Qf6
15. Rad1 Rae8 16. Re3 Re7 17. Rde1 Ref7 18. Re5 Qh6 19. Kg2 Rf6 20. h4 Qd2 21.
R5e2 Qh6 22. Re5 Qd2 23. R5e2 Qh6 1/2-1/2